| 000 | 00493nam a2200193Ia 4500 | ||
|---|---|---|---|
| 005 | 20250508162115.0 | ||
| 008 | 008 250505s9999 xx 000 0 hin d | ||
| 037 | _aTextual | ||
| 040 |
_aFEDL _beng _cFEDL |
||
| 041 |
_ahin _2hin |
||
| 084 |
_a170, JOS _qFEDL |
||
| 100 | _aJoshi Shanti | ||
| 245 | 0 | _aNiti shastra | |
| 260 |
_aNew Delhi, India _bRajkamal Prakashan _c1963 |
||
| 300 | _a370p. | ||
| 650 | _aEthics | ||
| 942 |
_cTEXL _h170, JOS |
||
| 999 |
_c1374418 _d1374418 |
||